| 000 | 00683nam a2200229 a 4500 | ||
|---|---|---|---|
| 005 | 20210219152849.0 | ||
| 008 | 991125n 000 0 spa u | ||
| 035 | _aUPN01000063991 | ||
| 100 | _aARREDONDO, Victor A. | ||
| 222 | _aREVISTA DE LA EDUCACION SUPERIOR | ||
| 245 | _aAnálisis comparativo de la matrícula y el personal docente en la educación superior mexicana | ||
| 300 | _a5-33 | ||
| 362 | _a1985 vol. 13, no. 1(53), ene.-mar. | ||
| 653 | 0 | _aDEMANDA EDUCATIVA | |
| 653 | 0 | _aDOCENTES | |
| 653 | 0 | _aEDUCACION SUPERIOR | |
| 653 | 0 | _aESTADISTICAS EDUCATIVAS | |
| 653 | 0 | _aMAESTROS | |
| 653 | 0 | _aMATRICULA ESCOLAR | |
| 904 |
_aAC _b001802 |
||
| 905 | _aArticulo | ||
| 999 |
_c62349 _d62349 |
||